000 00611nam a2200205Ia 4500
001 11414
003 GE_BSU
008 181216s||||||||xx |||||||||||||| ||und||
040 _cGE_BSU
100 _aCohen Louis Lawrence Manion and Keith Morrison
245 _aResearch methods in education
260 _aLondon and New york
260 _c2011
300 _a758p.24cm.
520 _aშემოსულია ტემპუსის პროექტით
541 _h135Gel.
653 _aResearch methods in education
653 _aტემპუსის პროექტით
942 _cBK
999 _c44611
_d44611